Macroeconomic analysis and stabilization policy.// (Record no. 113009)

MARC details
000 -LEADER
fixed length control field 00482nam a22001697a 4500
003 - CONTROL NUMBER IDENTIFIER
control field BD-ChCU
005 - DATE AND TIME OF LATEST TRANSACTION
control field 20260514133636.0
008 - FIXED-LENGTH DATA ELEMENTS--GENERAL INFORMATION
fixed length control field 260514b bg ||||| |||| 00| 0 ben d
040 ## - CATALOGING SOURCE
Transcribing agency BD-ChCU
082 ## - DEWEY DECIMAL CLASSIFICATION NUMBER
Classification number 330.18 TUM
100 ## - MAIN ENTRY--PERSONAL NAME
Personal name Turnovsky, Stephen J.
9 (RLIN) 23057
245 ## - TITLE STATEMENT
Title Macroeconomic analysis and stabilization policy.//
Statement of responsibility, etc. J. Stephen Turnovsky,
260 ## - PUBLICATION, DISTRIBUTION, ETC.
Place of publication, distribution, etc. Cambridge.
Name of publisher, distributor, etc. C. U. P.
Date of publication, distribution, etc. 1981
300 ## - PHYSICAL DESCRIPTION
Extent xiii, 390p
650 #0 - SUBJECT ADDED ENTRY--TOPICAL TERM
Topical term or geographic name entry element Macroeconomics.
9 (RLIN) 23058
942 ## - ADDED ENTRY ELEMENTS (KOHA)
Source of classification or shelving scheme Dewey Decimal Classification
Koha item type Books
Suppress in OPAC No
Holdings
Withdrawn status Lost status Source of classification or shelving scheme Damaged status Not for loan Home library Current library Shelving location Date acquired Source of acquisition Total Checkouts Full call number Barcode Date last seen Copy number Price effective from Koha item type
    Dewey Decimal Classification     Chittagong University Library Economics Seminar Library Business and Social Science Reading Room 14/05/2026 Purchase   330.18 TUM 105779 14/05/2026 C-1 14/05/2026 Books
    Dewey Decimal Classification     Chittagong University Library Economics Seminar Library Business and Social Science Reading Room 14/05/2026 Purchase   330.18 TUM 105780 14/05/2026 C-2 14/05/2026 Books
    Dewey Decimal Classification     Chittagong University Library Economics Seminar Library Business and Social Science Reading Room 14/05/2026 Purchase   330.18 TUM 105781 14/05/2026 C-3 14/05/2026 Books
    Dewey Decimal Classification     Chittagong University Library Economics Seminar Library Business and Social Science Reading Room 14/05/2026 purchase   330.18 TUM 105782 14/05/2026 C-4 14/05/2026 Books
© Copyright 2026. Chittagong University Library, Installation and Maintenance by Prof. Dr. Md. Alamgir, 01711306253